| 000 | 00416nam a2200169Ia 4500 | ||
|---|---|---|---|
| 003 | LK-CoDNM | ||
| 008 | 010623t2004 xxu||||| |||| 00| 1 eng d | ||
| 040 |
_aLK-CoDNM _dLK-CoDNM _eLK-CoDNM |
||
| 041 | _aeng | ||
| 080 |
_a34 _bCAB |
||
| 100 | _aCabral,Harsha | ||
| 245 | _aIntellectual Property Law In Sri Lanka | ||
| 260 |
_bHarsha Cabral _c2004 |
||
| 300 | _bp.(xii)380, 22.5 cm | ||
| 650 | _aLaw | ||
| 942 | _cBK | ||
| 999 |
_c123454 _d123454 |
||